000 01758nam a2200397 c 4500
999 _c115932
_d115932
003 BLK
005 20240620114018.0
008 180409b bul|||||r ||||||| ||bul||
010 _aKNG00121453000
040 _aBLK
041 _aBUL
_cBUL
080 _aМетодика по музика. Музика - учебни предмети
_b372.878
_z372.878
139 _aКнига за музикалния ръководител в детската градина
_bК 69
245 1 0 _aКнига за музикалния ръководител в детската градина
_bЧ. 1 -
_cсъстав. Емилия Николова; под ред. на Елка Петрова.
_nЧ. 1.
257 _aBGR
260 _bНар. просв.
_c1984 -
_fЗа том: В. Търново : печ. Д. Найденов
_aСофия
300 _c20 см
380 _a3
650 4 _aМузика - в предучилищното възпитание
_9314381
653 _aмузика
653 _aдетски градини
653 _aметодика на преподаването
653 _aигри
653 _aхора
653 _aтанци
700 1 _aНиколова, Емилия
_eсъстав.
_9364091
700 1 _aПетрова, Елка
_eпод ред. на
_gКътова, Елка Петрова
_9374021
760 1 _d1984
_h144 с. : с ил., табл., ноти
_nБиблиогр. с. 143.
_tЧ. 1.
852 _aЦб 131268
856 4 _qpdf
856 4 _qpdf
942 _cKNG
_n0
_02
_s1
944 _aCR
_c16.02.2011
_lРусанова Ирена
_k30542
944 _aED
_c21.08.2015
_lдобави в АБ / 15.02.2011
_kИрена_Линкова
999 _d115932